Algorytmy defektoskopii wiroprądowej / (Rekord nr 30055)
| 000 -ETYKIETA REKORDU | |
|---|---|
| podpole kontrolne o stałej długości | 00867nam a2200217 i 4500 |
| 001 - NUMER KONTROLNY REKORDU | |
| pole kontrolne | bg |
| 040 ## - ŹRÓDŁO KATALOGOWANIA | |
| Instytucja, która utworzyła rekord | BPK |
| 041 ## - KOD JĘZYKA | |
| Kod języka tekstu | pol |
| 080 ## - UNIWERSALNA KLASYFIKACJA DZIESIĘTNA - UKD | |
| UKD | 620.1:537.8:621.317:519.61/.65 |
| 008 - POLE O STAŁEJ DŁUGOŚCI - DANE KONTROLNE | |
| podpole kontrolne o stałej długości | s pl f |000 0 pol |
| 245 #0 - TYTUŁ/ODPOWIEDZIALNOŚĆ | |
| Tytuł | Algorytmy defektoskopii wiroprądowej / |
| Pozostałe elementy strefy tytułu i oznaczenia odpowiedzialności | [aut. Konstanty Marek Gawrylczyk et al.]. |
| 260 ## - STREFA ADRESU WYDAWNICZEGO | |
| Miejsce wydania | Szczecin : |
| Nazwa wydawcy/dystrybutora | Wydaw. Uczelniane PS, |
| Data publikacji, dystrybucji/powstania dokumentu | 1992. |
| 300 ## - STREFA OPISU FIZYCZNEGO | |
| Objętość | 184 : |
| Inne cechy fizyczne | rys., wykr. ; |
| Rozmiary | 24 cm. |
| 490 1# - STREFA SERII I DOKUMENTU WIELOCZĘŚCIOWEGO - FORMA NIE DO WYSZUKIWANIA | |
| Tytuł i oznaczenie odpowiedzialności serii | Prace Naukowe Politechniki Szczecińskiej. Instytut Elektroniki i Informatyki, |
| ISSN | 0860-3928 ; |
| Numeracja w obrębie serii | nr 15 |
| 500 ## - UWAGI OGÓLNE | |
| Tekst uwagi | Numeracja ser. gł. : nr 468. |
| 504 ## - UWAGA DOTYCZĄCA BIBLIOGRAFII | |
| Informacje o bibliografii | Bibliogr. s. 175-182. |
| 700 1# - HASŁO DODATKOWE - NAZWA OSOBOWA | |
| Nazwa osobowa | GAWRYLCZYK, Konstanty Marek. |
| 710 ## - HASŁO DODATKOWE - NAZWA CIAŁA ZBIOROWEGO | |
| Nazwa ciała zbiorowego lub jednostki geograficznej | POLITECHNIKA SZCZECIŃSKA (Szczecin). Instytut Elektroniki i Informatyki |
| 830 #0 - HASŁO DODATKOWE SERII LUB DOKUMENTU WIELOCZĘŚCIOWEGO - TYTUŁ UJEDNOLICONY | |
| Tytuł ujednolicony | Prace Naukowe Politechniki Szczecińskiej. |
| Nazwa części/sekcji dzieła | Instytut Elektroniki i Informatyki ; |
| Oznaczenie tomu | nr 15 |
| 856 ## - LOKALIZACJA I DOSTĘP DO ELEKTRONICZNYCH DOKUMENTÓW ZDALNYCH | |
| Link (URL) | http://koha.tu.koszalin.pl/cgi-bin/koha/opac-detail.pl?biblionumber=30055 |
| Tekst linku | Katalog online BPK |
| 942 ## - DODATKOWE ELEMENTY (KOHA) | |
| Typ dokumentu | Książka |
| Wycofany | Status egzemplarza | Uszkodzony | Dostępność | Lokalizacja stała | Lokalizacja bieżąca | Miejsce przechowywania | Sygnatura | Kod kreskowy | Typ dokumentu |
|---|---|---|---|---|---|---|---|---|---|
| Dostępny | Biblioteka Politechniki Koszalińskiej | Biblioteka Politechniki Koszalińskiej | Wypożyczalnia BG | 36581 | 01593389 | Książka |
